[Event "20th European Teams Women"]
[Site "Reykjavik ISL"]
[Date "2015.11.13"]
[Round "1.1"]
[Board "2"]
[White "Javakhishvili, Lela"]
[Black "Olsarova, Karolina"]
[Result "1-0"]
[WhiteTitle "IM"]
[BlackTitle "WIM"]
[WhiteElo "2479"]
[BlackElo "2224"]
[WhiteTeam "Georgia"]
[BlackTeam "Czech Republic"]
[WhiteFideId "13601458"]
[BlackFideId "320242"]
[EventDate "2015.11.13"]

1. c4 Nf6 2. Nf3 e6 3. g3 d5 4. Bg2 dxc4 5. Qa4+ c6 6. Qxc4 b5 7. Qc2 Bb7 8. O-O
Nbd7 9. Rd1 Be7 10. d4 Rc8 11. Ne5 Qb6 12. Nc3 O-O 13. Nxd7 Nxd7 14. Be3 c5 15.
d5 exd5 16. Nxd5 Bxd5 17. Bxd5 Nf6 18. Bf3 Rfd8 19. Rxd8+ Qxd8 20. a4 Qa5 21.
Bd2 Qa6 22. e4 c4 23. e5 Nd7 24. Qf5 Nc5 25. Bd5 Ne6 26. Be3 Rc7 27. h4 bxa4 28.
h5 Bc5 29. Rd1 Qc8 30. Bxc5 Rxc5 31. h6 g6 32. Qf6 Qd8 33. Qxe6 1-0

[Event "20th European Teams Women"]
[Site "Reykjavik ISL"]
[Date "2015.11.13"]
[Round "1.1"]
[Board "4"]
[White "Arabidze, Meri"]
[Black "Kulovana, Eva"]
[Result "1-0"]
[WhiteTitle "IM"]
[BlackTitle "WGM"]
[WhiteElo "2408"]
[BlackElo "2213"]
[WhiteTeam "Georgia"]
[BlackTeam "Czech Republic"]
[WhiteFideId "13604040"]
[BlackFideId "318779"]
[EventDate "2015.11.13"]

1. d4 d5 2. c4 e6 3. Nc3 Be7 4. Nf3 Nf6 5. Bg5 h6 6. Bh4 O-O 7. e3 Ne4 8. Bxe7
Qxe7 9. Rc1 c6 10. Qc2 Nxc3 11. Qxc3 Nd7 12. Bd3 dxc4 13. Bxc4 b6 14. O-O Bb7
15. Be2 Rfc8 16. Rfd1 c5 17. Qa3 Kf8 18. Ba6 Bxa6 19. Qxa6 Rc7 20. b4 Rac8 21.
bxc5 bxc5 22. d5 exd5 23. Rxd5 Kg8 24. h3 Nb6 25. Rd2 Qe8 26. Rdc2 Qe7 27. a3
Kf8 28. Nd2 Kg8 29. Nc4 Nxc4 30. Rxc4 Kf8 31. Qa5 Kg8 32. Qc3 Kf8 33. Rg4 Qf6
34. Qxf6 gxf6 35. Rgc4 Ke7 36. Kf1 Kd6 37. Rd1+ Ke7 38. Rd5 Kf8 39. Ke2 Kg7 40.
Rg4+ Kh7 41. Rc4 Kg7 42. a4 Kg6 43. Kf3 Kg7 44. a5 Kg6 45. Kf4 Rb8 46. Rdxc5
Rxc5 47. Rxc5 Rb4+ 48. Kf3 Ra4 49. g4 Ra2 50. Rf5 Kg7 51. Ke4 Rd2 52. h4 Kg6 53.
f3 Ra2 54. Kf4 Ra4+ 55. Kg3 Ra2 56. h5+ Kg7 57. Rc5 Kg8 58. Kf4 Ra4+ 59. e4 Ra3
60. Kg3 Ra2 61. e5 fxe5 62. Rxe5 Kg7 63. Rf5 Rb2 64. Kf4 Re2 65. Rb5 Ra2 66. Rc5
Ra4+ 67. Ke5 Ra3 68. Ke4 Ra4+ 69. Kd5 Ra3 70. Kc6 Rxf3 71. Kb7 Rg3 72. Kxa7 Rxg4
73. Rb5 Re4 74. a6 Kf6 75. Kb6 Re6+ 76. Ka5 Re7 77. Rc5 Re1 78. a7 Ra1+ 79. Kb6
Rxa7 80. Kxa7 Ke6 81. Rc6+ Kf5 82. Rxh6 Kg5 83. Rh8 f5 84. Kb6 1-0

[Event "20th European Teams Women"]
[Site "Reykjavik ISL"]
[Date "2015.11.13"]
[Round "1.2"]
[Board "3"]
[White "Goryachkina, Aleksandra"]
[Black "Tsolakidou, Stavroula"]
[Result "1/2-1/2"]
[WhiteTitle "WGM"]
[BlackTitle "WIM"]
[WhiteElo "2478"]
[BlackElo "2268"]
[WhiteTeam "Russia"]
[BlackTeam "Greece"]
[WhiteFideId "4147103"]
[BlackFideId "4264312"]
[EventDate "2015.11.13"]

1. d4 Nf6 2. c4 e6 3. Nf3 Bb4+ 4. Bd2 Qe7 5. g3 Bxd2+ 6. Qxd2 Nc6 7. b3 O-O 8.
Bg2 Ne4 9. Qe3 f5 10. O-O d6 11. Nc3 Nxc3 12. Qxc3 e5 13. d5 Nb8 14. b4 a5 15.
a3 Na6 16. Rfd1 b6 17. bxa5 Nc5 18. axb6 cxb6 19. Nd2 Bd7 1/2-1/2

[Event "20th European Teams Women"]
[Site "Reykjavik ISL"]
[Date "2015.11.13"]
[Round "1.2"]
[Board "4"]
[White "Markantonaki, Haritomeni"]
[Black "Bodnaruk, Anastasia"]
[Result "0-1"]
[WhiteTitle "WFM"]
[BlackTitle "IM"]
[WhiteElo "2213"]
[BlackElo "2459"]
[WhiteTeam "Greece"]
[BlackTeam "Russia"]
[WhiteFideId "4207050"]
[BlackFideId "4181751"]
[EventDate "2015.11.13"]

1. e4 c5 2. Nf3 d6 3. Bb5+ Bd7 4. Bxd7+ Qxd7 5. O-O Nc6 6. c3 Nf6 7. Re1 e6 8.
d4 cxd4 9. cxd4 d5 10. e5 Ne4 11. Nbd2 Nxd2 12. Bxd2 Be7 13. Rc1 O-O 14. Rc3
Rae8 15. a3 Bd8 16. Rd3 f6 17. Bf4 g5 18. Bc1 g4 19. Nd2 Qg7 20. exf6 Rxf6 21.
Nf1 Ref8 22. Re2 Bb6 23. Be3 h5 24. Qd2 h4 25. b4 e5 26. dxe5 Nxe5 27. Bxb6 Nf3+
28. gxf3 gxf3+ 29. Ng3 fxe2 0-1

[Event "20th European Teams Women"]
[Site "Reykjavik ISL"]
[Date "2015.11.13"]
[Round "1.3"]
[Board "2"]
[White "Zhukova, Natalia"]
[Black "Ciuksyte, Dagne"]
[Result "1/2-1/2"]
[WhiteTitle "GM"]
[BlackTitle "IM"]
[WhiteElo "2480"]
[BlackElo "2356"]
[WhiteTeam "Ukraine"]
[BlackTeam "England"]
[WhiteFideId "14101513"]
[BlackFideId "12800619"]
[EventDate "2015.11.13"]

1. c4 e6 2. Nc3 c5 3. Nf3 Nf6 4. g3 b6 5. Bg2 Bb7 6. O-O Be7 7. d4 cxd4 8. Qxd4
d6 9. Bg5 a6 10. Bxf6 Bxf6 11. Qf4 O-O 12. Rfd1 Be7 13. Ne4 Bxe4 14. Qxe4 Ra7
15. Nd4 Rc7 16. Rd2 Bg5 17. f4 Bf6 18. b3 Nd7 19. Rad1 Nc5 20. Qf3 Qc8 21. Nc6
Nb7 22. a4 Nd8 23. Rxd6 Nxc6 24. Rxc6 Rxc6 25. Qxc6 Qxc6 26. Bxc6 a5 27. Rd7 Rd8
28. Rb7 Bd4+ 29. Kg2 Bc5 30. g4 h6 31. Bd7 g6 32. Kf3 Kf8 33. f5 gxf5 34. gxf5
exf5 35. Bxf5 Rd1 36. Be4 Rf1+ 37. Kg3 Rf2 38. Bf3 Rf1 39. Be4 Rf2 40. Bf3 Rf1
41. Rd7 Be3 42. Rd3 Rg1+ 43. Bg2 Bc5 44. h4 Kg7 45. h5 Kf6 46. Rf3+ 1/2-1/2

[Event "20th European Teams Women"]
[Site "Reykjavik ISL"]
[Date "2015.11.13"]
[Round "1.4"]
[Board "1"]
[White "Socko, Monika"]
[Black "Theissl Pokorna, Regina"]
[Result "1-0"]
[WhiteTitle "GM"]
[BlackTitle "WGM"]
[WhiteElo "2445"]
[BlackElo "2355"]
[WhiteTeam "Poland"]
[BlackTeam "Austria"]
[WhiteFideId "1106619"]
[BlackFideId "14902052"]
[EventDate "2015.11.13"]

1. e4 e5 2. Nf3 Nc6 3. Bb5 a6 4. Bxc6 dxc6 5. O-O Qd6 6. Na3 Be6 7. Qe2 f6 8.
Rd1 Bg4 9. h3 Bxf3 10. Qxf3 Qe6 11. d4 Bxa3 12. Qxa3 O-O-O 13. d5 Qd6 14. b4 f5
15. c4 Nf6 16. Bg5 fxe4 17. Qe3 Kb8 18. Bxf6 gxf6 19. Qxe4 cxd5 20. Rxd5 Qe7 21.
Rad1 Rxd5 22. cxd5 Rd8 23. a4 Qd7 24. b5 axb5 25. axb5 Qxb5 26. Qxh7 Qd7 27. Qg6
f5 28. h4 f4 29. h5 Rh8 30. d6 cxd6 31. Rxd6 Qc7 32. h6 f3 33. gxf3 Qc1+ 34. Kg2
Qc7 35. Rf6 Ka7 36. Qg4 Qd8 37. Rg6 Qe8 38. Qe4 Rf8 39. Rg7 Qc8 40. Qxe5 Qc6 41.
Qe3+ Kb8 42. h7 Qd5 43. Qe4 Qb3 44. Qg4 1-0

[Event "20th European Teams Women"]
[Site "Reykjavik ISL"]
[Date "2015.11.13"]
[Round "1.4"]
[Board "2"]
[White "Newrkla, Katharina"]
[Black "Zawadzka, Jolanta"]
[Result "0-1"]
[WhiteTitle "WIM"]
[BlackTitle "WGM"]
[WhiteElo "2206"]
[BlackElo "2439"]
[WhiteTeam "Austria"]
[BlackTeam "Poland"]
[WhiteFideId "1621629"]
[BlackFideId "1122320"]
[EventDate "2015.11.13"]

1. e4 c5 2. Nf3 e6 3. d4 cxd4 4. Nxd4 Nc6 5. Nc3 Qc7 6. Be3 Nf6 7. Qd2 a6 8.
O-O-O Be7 9. f3 b5 10. g4 Nxd4 11. Qxd4 Bb7 12. Kb1 b4 13. Na4 Rc8 14. Rd2 e5
15. Qb6 Qc6 16. Qxc6 Rxc6 17. Nb6 Bd8 18. Nc4 Bc7 19. g5 Nh5 20. b3 Ke7 21. Bh3
Bc8 22. Bg4 g6 23. Rd5 d6 24. Bd2 Be6 25. Bxb4 Rxc4 26. bxc4 Bxd5 27. cxd5 Rb8
28. a3 a5 29. c3 axb4 30. axb4 Nf4 31. Kc2 Ra8 32. Kb3 Bb6 33. h4 Be3 34. h5 Nd3
35. hxg6 hxg6 36. Rh7 0-1

[Event "20th European Teams Women"]
[Site "Reykjavik ISL"]
[Date "2015.11.13"]
[Round "1.4"]
[Board "3"]
[White "Rajlich, Iweta"]
[Black "Exler, Veronika"]
[Result "1-0"]
[WhiteTitle "IM"]
[BlackTitle "WFM"]
[WhiteElo "2389"]
[BlackElo "2192"]
[WhiteTeam "Poland"]
[BlackTeam "Austria"]
[WhiteFideId "1108166"]
[BlackFideId "1620550"]
[EventDate "2015.11.13"]

1. d4 d5 2. g3 Nf6 3. Bg2 b5 4. Bg5 Nbd7 5. Nc3 c6 6. a3 h6 7. Bf4 Qa5 8. b4 Qb6
9. e4 dxe4 10. Nxe4 Nxe4 11. Bxe4 Nf6 12. Bg2 Nd5 13. Ne2 Bg4 14. f3 Nxf4 15.
Nxf4 Bf5 16. g4 Bh7 17. c3 a5 18. O-O e6 19. Qe2 Be7 20. Nh5 g6 21. Qe5 O-O-O
22. Nf6 Qc7 23. f4 g5 24. Nxh7 Rxh7 25. Qe4 Rg7 26. fxg5 Bxg5 27. Qxc6 Qxc6 28.
Bxc6 Bd2 29. Bxb5 Kb7 30. Rf3 Kb6 31. Be2 Rxg4+ 32. Kh1 Re4 33. Bf1 Rc8 34. c4
Rxd4 35. Rxf7 axb4 36. axb4 Bxb4 37. Rb1 Kc5 38. Rb7 Bc3 39. R7b6 Rc6 40. R6b3
Bd2 41. Rb8 Rdd6 42. Bg2 Rc7 43. R8b2 Bc3 44. Rb5+ Kxc4 45. Bf1+ Rd3 46. Rh5 Bd2
47. Rh3 Rd7 48. Rb8 Bb4 49. Rxd3 1-0

[Event "20th European Teams Women"]
[Site "Reykjavik ISL"]
[Date "2015.11.13"]
[Round "1.4"]
[Board "4"]
[White "Kopinits, Anna-Christina"]
[Black "Szczepkowska-Horowska, Karina"]
[Result "1/2-1/2"]
[WhiteTitle "WIM"]
[BlackTitle "WGM"]
[WhiteElo "2231"]
[BlackElo "2392"]
[WhiteTeam "Austria"]
[BlackTeam "Poland"]
[WhiteFideId "1614142"]
[BlackFideId "1122681"]
[EventDate "2015.11.13"]

1. e4 c5 2. Nf3 Nc6 3. d4 cxd4 4. Nxd4 e5 5. Nb5 d6 6. c4 Be7 7. Bd3 Be6 8. O-O
Nf6 9. N1c3 a6 10. Na3 O-O 11. Nc2 Rc8 12. b3 Nd7 13. Ne3 Nc5 14. Bb2 Bg5 15.
Ncd5 Ne7 16. Bc2 b5 17. b4 Nd7 18. cxb5 axb5 19. a4 bxa4 20. Bxa4 Nb6 21. Bb3
Nexd5 22. Nxd5 Nxd5 23. Bxd5 Bxd5 24. Qxd5 Qb6 25. Qd3 Qxb4 26. Ba3 Qd4 27. Qxd4
exd4 28. Bxd6 Rfd8 29. e5 Bd2 30. Rfd1 Bc3 31. Ra7 d3 32. Rc7 Rxc7 33. Bxc7 Rd5
34. f4 d2 35. Kf2 Kf8 36. Bb6 Ke7 37. Be3 Ke6 38. g4 h5 39. h3 hxg4 40. hxg4 g5
41. Ke2 gxf4 42. Bxf4 Rd4 43. Kf3 Rd3+ 44. Ke2 Rd4 45. Kf3 Kd5 46. Be3 Rd3 47.
Ke2 Ke4 48. Bxd2 Bxe5 49. Rb1 Rg3 50. Rb4+ Bd4 51. g5 Rg2+ 52. Kd1 Kd3 53. Rb3+
Ke4 54. Rb7 Kd3 55. Rb3+ 1/2-1/2

[Event "20th European Teams Women"]
[Site "Reykjavik ISL"]
[Date "2015.11.13"]
[Round "1.5"]
[Board "2"]
[White "Guichard, Pauline"]
[Black "Krivec, Jana"]
[Result "1/2-1/2"]
[WhiteTitle "WGM"]
[BlackTitle "WGM"]
[WhiteElo "2338"]
[BlackElo "2259"]
[WhiteTeam "France"]
[BlackTeam "Slovenia"]
[WhiteFideId "639370"]
[BlackFideId "14601982"]
[EventDate "2015.11.13"]

1. c4 f5 2. g3 Nf6 3. Bg2 g6 4. d3 Bg7 5. e4 fxe4 6. dxe4 e5 7. Ne2 O-O 8. O-O
d6 9. h3 Nc6 10. Nbc3 Be6 11. Nd5 Qd7 12. Kh2 Na5 13. Qd3 c6 14. Bd2 Nxc4 15.
Qxc4 cxd5 16. exd5 Bf7 17. Nc3 Rac8 18. Qh4 b5 19. Rac1 Rc4 20. Ne4 Nxe4 21.
Bxe4 Qb7 22. Be3 Bxd5 23. Bxd5+ Qxd5 24. Qe7 Rf7 25. Qd8+ Rf8 26. Qe7 Rf7 27.
Qe8+ Rf8 28. Qe7 Rf7 1/2-1/2

[Event "20th European Teams Women"]
[Site "Reykjavik ISL"]
[Date "2015.11.13"]
[Round "1.6"]
[Board "1"]
[White "Danielian, Elina"]
[Black "Reizniece-Ozola, Dana"]
[Result "1-0"]
[WhiteTitle "GM"]
[BlackTitle "WGM"]
[WhiteElo "2474"]
[BlackElo "2209"]
[WhiteTeam "Armenia"]
[BlackTeam "Latvia"]
[WhiteFideId "13300210"]
[BlackFideId "11601124"]
[EventDate "2015.11.13"]

1. d4 Nf6 2. Bg5 Ne4 3. Bf4 c5 4. f3 Qa5+ 5. c3 Nf6 6. Nd2 cxd4 7. Nb3 Qb6 8.
Qxd4 Nc6 9. Qxb6 axb6 10. Be3 e5 11. Bxb6 d5 12. e4 dxe4 13. Bc4 Be7 14. fxe4
Nxe4 15. Nf3 Nd6 16. Bd5 e4 17. Nfd2 f5 18. Nc5 Ne5 19. O-O-O Bg5 20. Kb1 Nd7
21. Nxd7 Bxd7 22. Nb3 Bb5 23. Rhe1 Nc4 24. Bd4 O-O-O 25. Be6+ Kb8 26. Bxf5 e3
27. Bd3 Rhf8 28. Re2 Rf7 29. Kc2 Rdf8 30. a4 Ba6 31. Nc5 Rc8 32. Nxa6+ bxa6 33.
b3 Na5 34. Bxe3 Bf6 35. c4 Nc6 36. Bf5 Nb4+ 37. Kb1 Rd8 38. Ree1 Rxd1+ 39. Rxd1
g6 40. Bf4+ Ka7 41. Rd7+ Rxd7 42. Bxd7 Kb6 43. Be3+ Kc7 44. Be6 Be5 45. g3 Bg7
46. Bg8 h6 47. a5 g5 48. h4 Be5 49. hxg5 hxg5 50. g4 Bf6 51. Bh7 Kd6 52. Be4 Bd8
53. Kb2 Ke5 54. Bb7 Bxa5 55. Bxg5 Nd3+ 56. Kc2 Nf2 57. Bc8 Bb6 58. Be7 a5 59. g5
Ne4 60. g6 Nf6 61. g7 Ng8 62. Bf8 Kf6 63. Bb7 Kg6 64. Bd5 Kh7 65. Bxg8+ Kxg8 66.
Kd3 Bd8 67. Ke4 Bf6 68. Kd5 1-0

[Event "20th European Teams Women"]
[Site "Reykjavik ISL"]
[Date "2015.11.13"]
[Round "1.6"]
[Board "2"]
[White "Rogule, Laura"]
[Black "Mkrtchian, Lilit"]
[Result "1/2-1/2"]
[WhiteTitle "WGM"]
[BlackTitle "IM"]
[WhiteElo "2277"]
[BlackElo "2439"]
[WhiteTeam "Latvia"]
[BlackTeam "Armenia"]
[WhiteFideId "11601876"]
[BlackFideId "13300601"]
[EventDate "2015.11.13"]

1. d4 Nf6 2. c4 e6 3. Nf3 b6 4. g3 Ba6 5. b3 d5 6. Bg2 Bb4+ 7. Bd2 Be7 8. O-O
O-O 9. Qc2 Bb7 10. Rd1 Na6 11. Nc3 Qc8 12. Bg5 Rd8 13. e4 dxe4 14. Ne5 c5 15.
Nxe4 Rxd4 16. Rxd4 cxd4 17. Bxf6 gxf6 18. Nxf7 Qf8 19. Neg5 fxg5 20. Bxb7 Nb4
21. Qe4 Rb8 22. Ne5 Qf5 23. Rd1 Rf8 24. Qxf5 Rxf5 25. Ng4 Ra5 26. Rxd4 Rxa2 27.
Rd7 Kf8 28. Be4 Ke8 29. Rb7 h5 30. Rb8+ Kd7 31. Ne5+ Kd6 32. Nf7+ Kc5 33. Re8
Bf6 34. Rxe6 Bd4 35. Nd6 Bxf2+ 36. Kf1 Na6 37. Bb7 Bd4 38. Nb5 Ra1+ 39. Ke2 Ra2+
40. Kf1 Nb4 41. Be4 Rxh2 42. Re8 Nc6 43. Bxc6 Bf2 44. Bg2 Bxg3 45. Nxa7 h4 46.
Re3 g4 47. Nb5 h3 48. Rxg3 Rxg2 49. Rxg2 hxg2+ 50. Kxg2 Kb4 51. Kg3 Kxb3 52. Nd6
Kb4 53. Kxg4 Kc5 54. Nc8 Kxc4 55. Nxb6+ Kd4 1/2-1/2

[Event "20th European Teams Women"]
[Site "Reykjavik ISL"]
[Date "2015.11.13"]
[Round "1.6"]
[Board "3"]
[White "Kursova, Maria"]
[Black "Berzina, Ilze"]
[Result "1/2-1/2"]
[WhiteTitle "WGM"]
[BlackTitle "WGM"]
[WhiteElo "2307"]
[BlackElo "2207"]
[WhiteTeam "Armenia"]
[BlackTeam "Latvia"]
[WhiteFideId "4129709"]
[BlackFideId "11601345"]
[EventDate "2015.11.13"]

1. d4 d5 2. Nf3 Nf6 3. c4 c6 4. e3 Bf5 5. Nc3 e6 6. Nh4 Be4 7. f3 Bg6 8. Qb3 Qc7
9. Bd2 Be7 10. g3 Bh5 11. Be2 Nbd7 12. Rc1 Qb6 13. O-O Qxb3 14. axb3 g5 15. Ng2
Bg6 16. e4 dxe4 17. Bxg5 exf3 18. Bxf3 h6 19. Be3 Kf8 20. d5 cxd5 21. cxd5 Kg7
22. dxe6 fxe6 23. Nf4 Bf7 24. Nd3 e5 25. b4 Bg6 26. Nc5 Nxc5 27. bxc5 e4 28. Be2
Rhd8 29. Nb5 Rd7 30. Bd4 Rf8 31. b4 Kh7 32. Rcd1 a6 33. Nd6 Nd5 34. Rxf8 Bxf8
35. Bg4 Rc7 36. b5 axb5 37. Be6 Nb4 38. Nxb5 Re7 39. Bb3 e3 40. Re1 e2 41. Nc3
Rd7 42. Nxe2 Rxd4 43. Nxd4 Bxc5 44. Kf1 Bxd4 45. Re7+ Bg7 46. Rxb7 Nc2 47. Bxc2
Bxc2 48. h4 Bd1 49. Kg1 Kg6 50. Kh2 h5 51. Rb5 Bf6 52. Ra5 Kf7 53. Ra6 Be5 54.
Rb6 Bg4 55. Ra6 Ke7 56. Rb6 Bd6 57. Ra6 Ke6 58. Ra5 Be5 59. Rb5 Bd4 60. Ra5 Kd6
61. Rb5 Bc5 62. Ra5 Kd5 63. Rb5 Kd4 64. Ra5 Bd6 65. Ra6 Be5 66. Ra3 Ke4 67. Kg2
Bd4 68. Rb3 Be6 69. Ra3 Bd5 70. Ra5 Bf7 71. Ra3 Bc4 72. Ra5 Be2 73. Ra3 Bd1 74.
Ra5 Bf3+ 75. Kh2 Ke3 76. Ra4 Bc5 77. Ra5 Bb4 78. Ra4 Be1 79. Ra2 Bd5 80. Ra1 Kf2
81. Rxe1 Kxe1 82. g4 hxg4 83. Kg3 Be6 1/2-1/2

[Event "20th European Teams Women"]
[Site "Reykjavik ISL"]
[Date "2015.11.13"]
[Round "1.6"]
[Board "4"]
[White "Skinke, Katrina"]
[Black "Gaboyan, Susanna"]
[Result "1/2-1/2"]
[WhiteTitle "WIM"]
[WhiteElo "2222"]
[BlackElo "2174"]
[WhiteTeam "Latvia"]
[BlackTeam "Armenia"]
[WhiteFideId "11602260"]
[BlackFideId "13303627"]
[EventDate "2015.11.13"]

1. e4 c5 2. Nf3 Nc6 3. d4 cxd4 4. Nxd4 Nf6 5. Nc3 e5 6. Ndb5 d6 7. Bg5 a6 8. Na3
b5 9. Nd5 Be7 10. Bxf6 Bxf6 11. c3 O-O 12. Nc2 Bg5 13. a4 bxa4 14. Rxa4 a5 15.
Bc4 Rb8 16. b3 Kh8 17. O-O f5 18. exf5 Bxf5 19. Nce3 Bg6 20. Qe2 e4 21. Nc2 Qc8
22. Nd4 Nxd4 23. cxd4 Bd8 24. Ne3 Bb6 25. Qd2 Qe8 26. Bd5 Bf7 27. Bxf7 Qxf7 28.
Nc4 Bc7 29. Qc2 Qh5 30. Ne3 Bd8 31. Qxe4 Rxb3 32. Qe6 Qf7 33. Qxf7 Rxf7 34. Nc4
Rd3 35. Nxd6 Rd7 36. Re1 g6 37. Nb5 Rb3 38. Na3 Rb4 39. Rxb4 axb4 40. Nb5 Kg7
41. Kf1 Kf7 42. Rb1 Be7 43. Ke2 Rd5 44. Na7 Rxd4 45. Nc6 Rh4 46. g3 Rxh2 47.
Nxe7 Kxe7 48. Rxb4 Kf6 49. Rb5 h5 50. Kf3 h4 51. g4 g5 52. Rb6+ Kf7 53. Rb7+ Kf6
54. Rb6+ Kf7 55. Ra6 Kg7 56. Ra7+ Kf6 57. Ra6+ Kf7 58. Ra5 Kf6 59. Ra1 Rh3+ 60.
Ke4 Rb3 61. Ra6+ Kf7 62. Ra7+ Kf6 63. Ra6+ Kf7 64. Ra7+ Kf6 65. Ra6+ Kf7 1/2-1/2

[Event "20th European Teams Women"]
[Site "Reykjavik ISL"]
[Date "2015.11.13"]
[Round "1.7"]
[Board "1"]
[White "Blagojevic, Tijana"]
[Black "Paehtz, Elisabeth"]
[Result "1/2-1/2"]
[WhiteTitle "WIM"]
[BlackTitle "IM"]
[WhiteElo "2312"]
[BlackElo "2462"]
[WhiteTeam "Montenegro"]
[BlackTeam "Germany"]
[WhiteFideId "16500270"]
[BlackFideId "4641833"]
[EventDate "2015.11.13"]

1. e4 c5 2. Nf3 d6 3. Bb5+ Nc6 4. Bxc6+ bxc6 5. O-O e5 6. c3 Nf6 7. Re1 Bg4 8.
h3 Bh5 9. d4 cxd4 10. cxd4 Nd7 11. Nbd2 Be7 12. Qc2 Rc8 13. b3 O-O 14. Bb2 f6
15. Nh4 d5 16. Nf5 Bb4 17. a3 Bxd2 18. Qxd2 dxe4 19. Nd6 Rb8 20. b4 exd4 21.
Qxd4 Ne5 22. Rxe4 Bg6 23. Re3 Nf7 24. Rd1 Nxd6 25. Qxd6 Qxd6 26. Rxd6 c5 27. Bc3
cxb4 28. Bxb4 Rf7 29. Rde6 Rd7 30. Re7 Rxe7 31. Rxe7 a6 32. Kh2 Re8 33. Rxe8+
Bxe8 34. Kg3 Kf7 35. Kf4 g5+ 36. Ke3 h5 37. Ba5 h4 38. Bd8 Bc6 39. f3 Ke6 40.
Kf2 Kf5 41. Be7 Bd5 1/2-1/2

[Event "20th European Teams Women"]
[Site "Reykjavik ISL"]
[Date "2015.11.13"]
[Round "1.7"]
[Board "2"]
[White "Osmanodja, Filiz"]
[Black "Milovic, Aleksandra"]
[Result "0-1"]
[WhiteTitle "WIM"]
[BlackTitle "WIM"]
[WhiteElo "2291"]
[BlackElo "2202"]
[WhiteTeam "Germany"]
[BlackTeam "Montenegro"]
[WhiteFideId "24633569"]
[BlackFideId "933988"]
[EventDate "2015.11.13"]

1. e4 d5 2. exd5 Qxd5 3. Nc3 Qd8 4. d4 Nf6 5. Nf3 Bg4 6. h3 Bxf3 7. Qxf3 c6 8.
Be3 e6 9. Bd3 Nbd7 10. O-O Bd6 11. Ne2 O-O 12. Rfd1 Qc7 13. c4 c5 14. Nc3 a6 15.
Ne4 Nxe4 16. Qxe4 g6 17. Be2 Rfe8 18. h4 f5 19. Qd3 Rad8 20. Bg5 Be7 21. Bxe7
Rxe7 22. d5 Ree8 23. dxe6 Nf6 24. Qe3 Ne4 25. Rd5 Rxe6 26. Rad1 Rde8 27. Bf3 Qe7
28. Qf4 Nf6 29. R5d3 Re1+ 30. Kh2 Rxd1 31. Rxd1 b5 32. g3 Ne4 33. cxb5 axb5 34.
Re1 c4 35. Bg2 Qc5 36. g4 Rf8 37. gxf5 Nxf2 38. Re5 Qxe5 0-1

[Event "20th European Teams Women"]
[Site "Reykjavik ISL"]
[Date "2015.11.13"]
[Round "1.7"]
[Board "3"]
[White "Stojanovic, Marija R"]
[Black "Schleining, Zoya"]
[Result "1/2-1/2"]
[WhiteTitle "WIM"]
[BlackTitle "WGM"]
[WhiteElo "2153"]
[BlackElo "2354"]
[WhiteTeam "Montenegro"]
[BlackTeam "Germany"]
[WhiteFideId "931411"]
[BlackFideId "4671660"]
[EventDate "2015.11.13"]

1. e4 c5 2. b3 e6 3. Nf3 Nc6 4. Bb2 a6 5. Qe2 Nge7 6. g3 d6 7. Bg2 e5 8. c3 Ng6
9. d4 cxd4 10. cxd4 Bg4 11. d5 Nd4 12. Bxd4 Bxf3 13. Bxf3 exd4 14. O-O Be7 15.
Nd2 Rc8 16. Rac1 O-O 17. Bg2 Bf6 18. Bh3 Rc3 19. Nb1 Nf4 20. Qg4 Nxh3+ 21. Qxh3
Qc8 22. Qxc8 Rcxc8 23. Na3 b5 24. Kg2 g6 25. Rc2 Rc3 26. Rxc3 dxc3 27. Nc2 a5
28. a3 Rc8 29. Kf3 Bg7 30. Ke3 f5 31. f3 fxe4 32. fxe4 Be5 33. Kd3 h5 34. Rf2
Kg7 35. Ne3 Rb8 36. Nd1 b4 37. a4 Ra8 38. Ne3 Ra6 39. Nc4 Bf6 40. Re2 Kf7 41.
Rf2 Ke7 42. Rf3 1/2-1/2

[Event "20th European Teams Women"]
[Site "Reykjavik ISL"]
[Date "2015.11.13"]
[Round "1.7"]
[Board "4"]
[White "Heinemann, Josefine"]
[Black "Krpovic, Natasa"]
[Result "1-0"]
[BlackTitle "WFM"]
[WhiteElo "2224"]
[BlackElo "2098"]
[WhiteTeam "Germany"]
[BlackTeam "Montenegro"]
[WhiteFideId "12900460"]
[BlackFideId "910791"]
[EventDate "2015.11.13"]

1. e4 e6 2. d4 d5 3. Nc3 a6 4. Bd3 c5 5. dxc5 Bxc5 6. exd5 exd5 7. Nxd5 Bxf2+ 8.
Kxf2 Qxd5 9. Nf3 Nf6 10. Re1+ Be6 11. h3 O-O 12. c4 Qd8 13. Be3 Nbd7 14. Qc2 h6
15. b4 Qc7 16. Kg1 Rac8 17. Rac1 Nh5 18. Bf2 Nf4 19. Bf1 Nd5 20. cxd5 Qxc2 21.
Rxc2 Rxc2 22. dxe6 fxe6 23. Rxe6 Nf6 24. a4 Nd5 25. b5 axb5 26. axb5 Nf4 27. Re3
Rf6 28. Bg3 Nd5 29. Re4 Rc1 30. Re1 Rxe1 31. Bxe1 Nc7 32. Bg3 Ne8 33. Be5 Rf5
34. Bd3 Rf8 35. Bc4+ Kh7 36. Bd5 b6 37. Bc6 Nf6 38. Bc7 Rc8 39. Bxb6 Ng8 40.
Be4+ g6 41. Bd4 Rc4 42. b6 1-0

[Event "20th European Teams Women"]
[Site "Reykjavik ISL"]
[Date "2015.11.13"]
[Round "1.8"]
[Board "2"]
[White "Koskela, Niina"]
[Black "L'Ami, Alina"]
[Result "1/2-1/2"]
[WhiteTitle "WGM"]
[BlackTitle "IM"]
[WhiteElo "2204"]
[BlackElo "2364"]
[WhiteTeam "Norway"]
[BlackTeam "Romania"]
[WhiteFideId "500755"]
[BlackFideId "1210246"]
[EventDate "2015.11.13"]

1. e4 c5 2. Nf3 d6 3. d4 cxd4 4. Nxd4 Nf6 5. Nc3 a6 6. Be2 e5 7. Nb3 Be7 8. O-O
O-O 9. Be3 Be6 10. Qd2 Nbd7 11. a4 Nb6 12. a5 Nc4 13. Bxc4 Bxc4 14. Rfd1 Rc8 15.
Nc1 d5 16. Bb6 Qe8 17. exd5 Bb4 18. d6 Qd7 19. Nd3 Bxd6 20. Nxe5 Bxe5 21. Qxd7
Nxd7 22. Rxd7 Bxc3 23. bxc3 Bb5 24. Rxb7 Rxc3 25. Rc7 Rxc7 26. Bxc7 Rc8 27. Rd1
Ba4 28. Rd8+ Rxd8 29. Bxd8 Bxc2 30. Kf1 f5 31. Ke2 Kf7 32. Ke3 Ke6 33. Kd4 Be4
34. g3 Bg2 35. h4 g6 36. Bc7 Bf1 37. Bb6 Bb5 38. Bc7 Bf1 39. Bb6 Bb5 40. Bc7 Bf1 1/2-1/2

[Event "20th European Teams Women"]
[Site "Reykjavik ISL"]
[Date "2015.11.13"]
[Round "1.8"]
[Board "4"]
[White "Machlik, Monika"]
[Black "Sandu, Mihaela"]
[Result "0-1"]
[BlackTitle "WGM"]
[WhiteElo "2176"]
[BlackElo "2207"]
[WhiteTeam "Norway"]
[BlackTeam "Romania"]
[WhiteFideId "1513621"]
[BlackFideId "1204327"]
[EventDate "2015.11.13"]

1. d4 Nf6 2. c4 g6 3. Nc3 Bg7 4. e4 d6 5. f4 O-O 6. Nf3 Na6 7. Bd3 e5 8. fxe5
dxe5 9. d5 c6 10. O-O Ng4 11. Kh1 Qb6 12. Qe2 Nc5 13. Bc2 f5 14. exf5 e4 15. Nh4
gxf5 16. h3 Qd8 17. Nxf5 Bxf5 18. hxg4 Qh4+ 19. Kg1 Bxg4 20. Rxf8+ Rxf8 21. Qe3
Rf5 22. Bd2 Be5 0-1